000 00948nam a2200229Ia 4500
003 OSt
005 20220923212024.0
006 a|||||r|||| 00| 0
007 ta
008 220922b |||||||| |||| 00| 0 hin d
024 _a149,932
037 _cTextual
040 _aARTS
_cARTS
_bhin
041 _2hin
_ahin
082 _aa12,3152,237,N78, 152L4.3-.4
100 _aजैन, जितेन्द्र कुमार, संपा.
_9161879
245 0 _aराजस्थानी हिन्दी हस्तलिखित ग्रंथ सूची
246 _aRājasthānī hindī hastalikhit grantha sūchī
260 _aजोधपुर
_b राजसथान प्राच्यविछा प्रतिष्ठान
_c1974
942 _ha12,3152,237,N78, 152L4.3-.4
_cTEXL
_2CC
999 _c305612
_d305612